|
|
|
|
| LEADER |
05885nam a2200529 i 4500 |
| 001 |
43667 |
| 003 |
BD-DhAAL |
| 005 |
20250729170909.0 |
| 008 |
240122t2021 stka b 001 0 eng d |
| 010 |
|
|
|a 2021444717
|
| 020 |
|
|
|a 9780702078071
|
| 020 |
|
|
|a 9780702078088
|
| 040 |
|
|
|a DLC
|b eng
|e rda
|c DLC
|d BD-DhAAL
|
| 042 |
|
|
|a pcc
|
| 050 |
0 |
0 |
|a RS189
|b .W38 2021
|
| 082 |
|
|
|a 615.19
|2 23
|
| 100 |
1 |
|
|a Watson, David G.,
|d 1952-
|e author.
|
| 245 |
1 |
0 |
|a Pharmaceutical analysis :
|b a textbook for pharmacy students and pharmaceutical chemists /
|c David G. Watson; with contributions by Bhavik A. Patel.
|
| 250 |
|
|
|a Fifth edition.
|
| 260 |
|
|
|a Edinburgh ;
|a New York :
|b Elsevier,
|c 2021.
|
| 300 |
|
|
|a vi, 462 pages :
|b illustrations ;
|c 25 cm
|
| 500 |
|
|
|a Revised edition of: Pharmaceutical analysis / David G. Watson ; with contributions by RuAngelie Edrada-Ebel. Fourth edition. 2017.
|
| 500 |
|
|
|a International edition.
|
| 504 |
|
|
|a Includes bibliographical references and index.
|
| 526 |
|
|
|a PHR
|x Dr. Hasina Jesmin,
Assistant Dean and Program Director
School of Pharmacy
Course name : Pharmaceutical Analysis I (PHR 210)
|
| 541 |
|
|
|a Hye Trade International
|e 43667, 43668, 43669, 43670, 43671, 43698, 43699, 43700, 43701, 43702, 43703, 43704, 43705, 43706, 43707
|
| 650 |
|
0 |
|a Drugs
|x Analysis.
|
| 650 |
|
0 |
|a Pharmacy.
|
| 700 |
1 |
|
|a Patel, Bhavik A.,
|e contributor.
|9 57087
|
| 852 |
|
|
|a Ayesha Abed Library
|c General Stacks
|
| 942 |
|
|
|2 ddc
|c BK
|
| 999 |
|
|
|c 46923
|d 46923
|
| 952 |
|
|
|0 0
|1 0
|2 ddc
|4 0
|6 615_190000000000000_WAT
|7 0
|9 76770
|a PHR
|b PHR
|d 2024-10-23
|e Hye Trade International
|g 3712.00
|l 0
|o 615.19 WAT
|p 3010043667
|r 2024-10-23
|t 1
|v 3712.00
|w 2024-10-23
|y BK
|x Requisitioned by Dr. Hasina Jesmin for the course named-"Pharmaceutical Analysis I (PHR 210)".
|
| 952 |
|
|
|0 0
|1 0
|2 ddc
|4 0
|6 615_190000000000000_WAT
|7 0
|9 76771
|a PHR
|b PHR
|d 2024-10-23
|e Hye Trade International
|g 3712.00
|l 0
|o 615.19 WAT
|p 3010043669
|r 2024-10-23
|t 3
|v 3712.00
|w 2024-10-23
|y BK
|x Requisitioned by Dr. Hasina Jesmin for the course named-"Pharmaceutical Analysis I (PHR 210)".
|
| 952 |
|
|
|0 0
|1 0
|2 ddc
|4 0
|6 615_190000000000000_WAT
|7 0
|9 76772
|a PHR
|b PHR
|d 2024-10-23
|e Hye Trade International
|g 3712.00
|l 0
|o 615.19 WAT
|p 3010043670
|r 2024-10-23
|t 4
|v 3712.00
|w 2024-10-23
|y BK
|x Requisitioned by Dr. Hasina Jesmin for the course named-"Pharmaceutical Analysis I (PHR 210)".
|
| 952 |
|
|
|0 0
|1 0
|2 ddc
|4 0
|6 615_190000000000000_WAT
|7 0
|9 76773
|a PHR
|b PHR
|d 2024-10-23
|e Hye Trade International
|g 3712.00
|l 0
|o 615.19 WAT
|p 3010043668
|r 2024-10-23
|t 2
|v 3712.00
|w 2024-10-23
|y BK
|x Requisitioned by Dr. Hasina Jesmin for the course named-"Pharmaceutical Analysis I (PHR 210)".
|
| 952 |
|
|
|0 0
|1 0
|2 ddc
|4 0
|6 615_190000000000000_WAT
|7 0
|9 76774
|a PHR
|b PHR
|d 2024-10-23
|e Hye Trade International
|g 3712.00
|l 0
|o 615.19 WAT
|p 3010043671
|r 2024-10-23
|t 5
|v 3712.00
|w 2024-10-23
|y BK
|x Requisitioned by Dr. Hasina Jesmin for the course named-"Pharmaceutical Analysis I (PHR 210)".
|
| 952 |
|
|
|0 0
|1 0
|2 ddc
|4 0
|6 615_190000000000000_WAT
|7 0
|9 76801
|a BRACUL
|b BRACUL
|c GEN
|d 2024-10-23
|e Hye Trade International
|g 3712.00
|l 0
|o 615.19 WAT
|p 3010043704
|r 2024-10-23
|t 12
|v 3712.00
|w 2024-10-23
|y BK
|x Requisitioned by Dr. Hasina Jesmin for the course named-"Pharmaceutical Analysis I (PHR 210)".
|
| 952 |
|
|
|0 0
|1 0
|2 ddc
|4 0
|6 615_190000000000000_WAT
|7 0
|9 76802
|a BRACUL
|b BRACUL
|c GEN
|d 2024-10-23
|e Hye Trade International
|g 3712.00
|l 0
|o 615.19 WAT
|p 3010043705
|r 2024-10-23
|t 13
|v 3712.00
|w 2024-10-23
|y BK
|x Requisitioned by Dr. Hasina Jesmin for the course named-"Pharmaceutical Analysis I (PHR 210)".
|
| 952 |
|
|
|0 0
|1 0
|2 ddc
|4 0
|6 615_190000000000000_WAT
|7 0
|9 76803
|a BRACUL
|b BRACUL
|c GEN
|d 2024-10-23
|e Hye Trade International
|g 3712.00
|l 0
|o 615.19 WAT
|p 3010043701
|r 2024-10-23
|t 9
|v 3712.00
|w 2024-10-23
|y BK
|x Requisitioned by Dr. Hasina Jesmin for the course named-"Pharmaceutical Analysis I (PHR 210)".
|
| 952 |
|
|
|0 0
|1 0
|2 ddc
|4 0
|6 615_190000000000000_WAT
|7 0
|9 76804
|a BRACUL
|b BRACUL
|c GEN
|d 2024-10-23
|e Hye Trade International
|g 3712.00
|l 0
|o 615.19 WAT
|p 3010043707
|r 2024-10-23
|t 15
|v 3712.00
|w 2024-10-23
|y BK
|x Requisitioned by Dr. Hasina Jesmin for the course named-"Pharmaceutical Analysis I (PHR 210)".
|
| 952 |
|
|
|0 0
|1 0
|2 ddc
|4 0
|6 615_190000000000000_WAT
|7 0
|9 76805
|a BRACUL
|b BRACUL
|c GEN
|d 2024-10-23
|e Hye Trade International
|g 3712.00
|l 1
|m 3
|o 615.19 WAT
|p 3010043706
|r 2025-10-12
|s 2025-08-27
|t 14
|v 3712.00
|w 2024-10-23
|y BK
|x Requisitioned by Dr. Hasina Jesmin for the course named-"Pharmaceutical Analysis I (PHR 210)".
|
| 952 |
|
|
|0 0
|1 0
|2 ddc
|4 0
|6 615_190000000000000_WAT
|7 0
|9 76806
|a BRACUL
|b BRACUL
|c GEN
|d 2024-10-23
|e Hye Trade International
|g 3712.00
|l 1
|m 11
|o 615.19 WAT
|p 3010043702
|r 2025-07-20
|s 2025-04-09
|t 10
|v 3712.00
|w 2024-10-23
|y BK
|x Requisitioned by Dr. Hasina Jesmin for the course named-"Pharmaceutical Analysis I (PHR 210)".
|
| 952 |
|
|
|0 0
|1 0
|2 ddc
|4 0
|6 615_190000000000000_WAT
|7 0
|9 76807
|a BRACUL
|b BRACUL
|c GEN
|d 2024-10-23
|e Hye Trade International
|g 3712.00
|l 0
|o 615.19 WAT
|p 3010043700
|r 2024-10-23
|t 8
|v 3712.00
|w 2024-10-23
|y BK
|x Requisitioned by Dr. Hasina Jesmin for the course named-"Pharmaceutical Analysis I (PHR 210)".
|
| 952 |
|
|
|0 0
|1 0
|2 ddc
|4 0
|6 615_190000000000000_WAT
|7 0
|9 76808
|a BRACUL
|b BRACUL
|c GEN
|d 2024-10-23
|e Hye Trade International
|g 3712.00
|l 0
|o 615.19 WAT
|p 3010043698
|r 2024-10-23
|t 6
|v 3712.00
|w 2024-10-23
|y BK
|x Requisitioned by Dr. Hasina Jesmin for the course named-"Pharmaceutical Analysis I (PHR 210)".
|
| 952 |
|
|
|0 0
|1 0
|2 ddc
|4 0
|6 615_190000000000000_WAT
|7 0
|9 76809
|a BRACUL
|b BRACUL
|c GEN
|d 2024-10-23
|e Hye Trade International
|g 3712.00
|l 0
|o 615.19 WAT
|p 3010043699
|r 2024-10-23
|t 7
|v 3712.00
|w 2024-10-23
|y BK
|x Requisitioned by Dr. Hasina Jesmin for the course named-"Pharmaceutical Analysis I (PHR 210)".
|
| 952 |
|
|
|0 0
|1 0
|2 ddc
|4 0
|6 615_190000000000000_WAT
|7 0
|9 76810
|a BRACUL
|b BRACUL
|c GEN
|d 2024-10-23
|e Hye Trade International
|g 3712.00
|l 1
|m 15
|o 615.19 WAT
|p 3010043703
|r 2026-02-25
|s 2025-10-09
|t 11
|v 3712.00
|w 2024-10-23
|y BK
|x Requisitioned by Dr. Hasina Jesmin for the course named-"Pharmaceutical Analysis I (PHR 210)".
|